Les 20 plus grandes villes du Loir-et-Cher sur une carte - Statistiques

Statistiques générales
  • Ce quiz a été pris 69 fois
  • Le résultat moyen est 10 sur 20
Réponses sur la Carte
Les réponses sont colorées sur une échelle allant du rouge au vert en fonction du pourcentage des utilisateurs qui les ont devinées à leur premier essai. Vous pouvez retrouver ces pourcentages ci-dessous.
 
Statistiques - réponses
Population Initiale Ville % Correct
47 092 B Blois
100%
18 377 R Romorantin-Lanthenay
91%
15 566 V Vendôme
91%
3 360 M Mont-près-Chambord
63%
6 294 M Mer
59%
8 050 V Vineuil
54%
4 880 S Salbris
50%
2 826 S Saint-Aignan
48%
6 787 (Le) C Le Controis-en-Sologne
46%
4 519 L Lamotte-Beuvron
45%
4 225 S Selles-sur-Cher
45%
3 641 M Montrichard Val de Cher
43%
2 830 C Cour-Cheverny
39%
4 488 (La) C La Chaussée-Saint-Victor
39%
3 678 M Montoire-sur-le-Loir
39%
3 184 S Saint-Gervais-la-Forêt
36%
4 249 S Saint-Laurent-Nouan
36%
3 016 S Saint-Ouen
34%
3 327 V Veuzain-sur-Loire
34%
3 350 B Beauce la Romaine
25%
Aucun quiz correspondant
Distribution des résultats
% des personnes avec chaque résultat
Percentile par nombre de réponses
Votre historique - résultats
Vous n’avez pas pris ce quiz